Statistiques concernant Générique Olive et Tom - Paroles

Cliquez ici pour prendre le quiz!

Statistiques générales

  • Ce quiz a été pris 227 fois
  • Le résultat moyen est 19 sur 26

Statistiques - réponses

Paroles% Correct
Olive et {Tom}
92%
Olive et {Tom}
90%
Tom {Olivier}
90%
Ils sont venus pour {gagner}
88%
Tom {Olivier}
88%
Tom {Olivier}
87%
Deux mi-temps et {quatre}-{vingt} {dix} minutes
86%
Ils sont toujours {en} {forme}
85%
Ils sont venus pour {gagner}
83%
Tom {Olivier}
83%
Ils sont toujours {en} {forme}
82%
Olive et {Tom}
77%
Sont super {entraînés}
77%
En avant, il faut foncer {droit} {au} {but}
75%
Sont super {entraînés}
75%
Tom {Olivier}
75%
Tom {Olivier}
73%
Ils sont toujours {en} {forme}
71%
Ils sont venus pour {gagner}
71%
Quand on a le ballon au {bout} {du} {pied}
69%
Sont super {entraînés}
67%
Quand on a trouvé le {bon} {équipier}
66%
Une passe, un crochet, et on {a} {marqué}
64%
C'est assez pour rassembler {nos} {espoirs}
49%
Et pour {forcer} la victoire (la victoire)
31%
Car il faut battre le {goal}
29%

Distribution des résultats

Percentile par nombre de réponses

% des personnes avec chaque résultat

Votre développement - résultats

Vous n’avez pas pris ce quiz